00295cam a22000977a 4500008004000000082002100040100001900061245006300080260003900143300001500182180718b1968 xxu||||| |||| 00| 0 eng d aR706x71 C16/ST/5 aChernick, Jack aTask force on labour relations, study nocby Jack Chernick aOttawabPrivy Council Officec1968 aviii, 130p